000 00303nam a2200109Ia 4500
008 200302s9999 xx 000 0 und d
100 _aJohn Morris Dixon FAIA
245 _aUrban Spaces No 2 The Design of Public Places
260 _bVisual Reference Publications Inc.
260 _c2001
300 _a329 P.,
999 _c5509
_d5509